000 00299nam a2200109Ia 4500
008 171211s9999 xx 000 0 und d
245 4 _aThe Future of the Gun
245 _cFrank Miniter
260 _c2014
650 _xMilitary
856 _uhttp://down.ebook777.com/The%20Future%20of%20the%20Gun.pdf
999 _c348325
_d348325